00429nam a22001577a 450000500170000001000150001702000260003203500140005803700090007208200110008110000180009224500380011026000380014827000650018630000200025120241127154212.0 aENG-142661 a9789357941389c250.00 aEN-126193 bDBAD a615.32 aKhatri, Vikas aFlower Therapy /cBy Vikas Khatri aNew DelhibV & S Publishersc2019 aF-2/16, Ansari road, Daryaganj, New DelhibNew Delhie110002 a144p.c21cm(pb)